| 000 | 02382 a2200253 4500 | ||
|---|---|---|---|
| 999 |
_c11272 _d11272 |
||
| 020 | _a9780176504601 | ||
| 050 |
_aRT89 _bKEL 2013 |
||
| 100 |
_aKelly, Patricia _eauthor |
||
| 245 |
_aNursing leadership management / _cPatricia Kelly |
||
| 250 | _aSecond Canadian edition | ||
| 264 |
_aToronto, Ontario : _bNelson Education; _c2013 |
||
| 300 |
_axxiii, 496 pages; _billustrations |
||
| 336 |
_2rdacontent _atext _btxt |
||
| 337 |
_2rdamedia _aunmediated _bn |
||
| 338 |
_2rdacarrier _avolume _bnc |
||
| 500 | _aIncludes bibliographical references and index | ||
| 505 | _aUnit I: Nursing leadership and management. Nursing leadership and management -- The health care environment -- Organizational management and magnet hospitals -- Basic clinical health care economics -- Evidence-based health care -- Nursing and health care informatics -- Population-based health care practice -- Unit 2: Leadership and management of the interdisciplinary team. Personal and interdisciplinary communication -- Politics and consumer partnerships -- Strategic planning and organizing patient care -- Effective team building -- Power -- Change, innovation, and conflict management -- Unit 3: Leadership and management of patient-centered care. Budget concepts for patient care -- Effective staffing -- Delegation of patient care -- Organization of patient care -- Time management and setting patient care priorities -- Patient and health care education -- Unit 4: Quality improvement of patient outcomes. Managing outcomes using an organizational quality improvement model -- Evidence-based strategies to improve patient care outcomes -- Decision making and critical thinking -- Legal aspects of health care -- Ethical aspects of health care -- Culture, generational differences, and spirituality -- Unit 5: Leadership and management of self and the future. Collective bargaining -- Career planning -- Nursing job opportunities -- Your first job -- Healthy living : balancing personal and professional needs -- NCLEX preparation and professionalism -- Abbreviations -- Glossary | ||
| 520 | _aNursing leadership and management | ||
| 650 | _aNursing services -- Administration | ||
| 650 | _aNurse administrators | ||
| 650 | _aNursing Services -- organization & administration | ||
| 650 | _aNursing Care -- organization & administration | ||
| 942 |
_2lcc _cBK _eSecond Canadian edition _h89 _iRT _kKEL |
||